000 01038nam a22003257a 4500
003 CHAP
005 20220329134827.0
008 971013s r 00010 d
010 _a26569
011 _a27541
035 _a31642
040 _cCHAP
082 _a519
_bI8
110 _aInstituto Nazionale di Alta Matematica. Roma
_959409
245 _aSymposium mathematica
260 _aNew York :
_bAcademic Press,
_c10 -
300 _av
500 _aLa biblioteca tiene: v.9, v.10
590 _aBATCH-UPD
_b10
_c20130110
_lUCH01
_h0902
590 _aBATCH-UPD
_b10
_c20130410
_lUCH01
_h0531
590 _aBATCH-UPD
_b10
_c20130914
_lUCH01
_h1539
590 _aCONVERSION
_b10
_c20130109
_lUCH01
_h1315
650 1 4 _aGeometría diferencial.
_947656
650 1 4 _aMatemáticas.
_972901
650 1 4 _aProbabilidades.
_991687
901 _aBK
942 _cLIBRO
949 _a519 I8
_bBC
_cLIBRO
_d33724000138152
_eLIBRO
_fv.9
_h35042
_i31642
_si
_t400.00
949 _a519 I8
_bBC
_cLIBRO
_d33724000138160
_eLIBRO
_fv.10
_h35043
_i31642
_si
_t450.00
999 _c26569
_d26569